|
|
|
|
| LEADER |
00000nam0a2200000 4500 |
| 001 |
278222 |
| 005 |
20231101235107.0 |
| 035 |
|
|
|a (RuTPU)RU\TPU\book\301499
|
| 090 |
|
|
|a 278222
|
| 100 |
|
|
|a 20141209d1980 k y0rusy50 ca
|
| 101 |
0 |
|
|a rus
|
| 102 |
|
|
|a RU
|
| 105 |
|
|
|a a z 001zy
|
| 200 |
1 |
|
|a Миграция радиогенных изотопов в минералах
|f Г. Ш. Ашкинадзе
|g Академия наук СССР, Институт геологии и геохронологии докембрия
|
| 210 |
|
|
|a Ленинград
|c Наука
|d 1980
|
| 215 |
|
|
|a 143 с.
|c ил.
|
| 316 |
|
|
|5 63413507: КР-7377
|a На титульном листе владельческая подпись: «Л. Рихванов»
|
| 317 |
|
|
|5 63413507: КР-7377
|a Поступил в НТБ в 2021 г. в дар от семьи профессора ТПУ Л. П. Рихванова
|
| 320 |
|
|
|a Библиогр.: с. 135-140
|
| 330 |
|
|
|a В книге приводятся результаты исследования закономерностей миграции изотопов благородных газов, образующихся при различных природных ядерных реакциях в структуре минералов. Рассматриваются и развиваются теоретические представления о механизме миграции изотопов благородных газов. Изложение материала дано в свете проблем ядерной геохронологии и геохимии изотопов.
|
| 606 |
1 |
|
|a Изотопная геология
|2 stltpush
|3 (RuTPU)RU\TPU\subj\12340
|9 39143
|
| 610 |
1 |
|
|a минералы
|
| 610 |
1 |
|
|a уран
|
| 610 |
1 |
|
|a продукты деления
|
| 610 |
1 |
|
|a миграция
|
| 610 |
1 |
|
|a калий-аргоновая геохронология
|
| 610 |
1 |
|
|a нейтронно-индукционный метод
|
| 610 |
1 |
|
|a биотиты
|
| 610 |
1 |
|
|a фосфаты
|
| 610 |
1 |
|
|a силикаты
|
| 610 |
1 |
|
|a сложные окислы
|
| 610 |
1 |
|
|a ядерные реакции
|
| 610 |
1 |
|
|a Библиотека Л. П. Рихванова
|
| 610 |
1 |
|
|a дары библиотеке
|
| 610 |
1 |
|
|a владельческие подписи
|
| 675 |
|
|
|a 550.93
|v 3
|
| 700 |
|
1 |
|a Ашкинадзе
|b Г. Ш.
|g Геннадий Шаевич
|
| 712 |
0 |
2 |
|a Академия наук СССР
|b Институт геологии и геохронологии докембрия
|c (Ленинград)
|2 stltpush
|3 (RuTPU)RU\TPU\col\11390
|9 25085
|
| 801 |
|
1 |
|a RU
|b 63413507
|c 20141209
|
| 801 |
|
2 |
|a RU
|b 63413507
|c 20221005
|g RCR
|
| 942 |
|
|
|c BK
|